[Event "Nantes op 6th"]
[Site "Nantes"]
[Date "2007.12.27"]
[Round "2"]
[White "Colin, Vincent"]
[Black "Lesage, Jean Philippe"]
[Result "1-0"]
[WhiteElo "2399"]
[BlackElo "2067"]
[PlyCount "67"]
[EventDate "2007.12.26"]
[EventType "swiss"]
[EventRounds "7"]
[EventCountry "FRA"]
[SourceTitle "CBM 122 Extra"]
[Source "ChessBase"]
[SourceDate "2008.03.04"]
[SourceVersion "1"]
[SourceVersionDate "2008.03.04"]
[SourceQuality "1"]

1. d4 Nf6 2. c4 g6 3. Nc3 Bg7 4. e4 d6 5. f4 0-0 6. Nf3 c5 7. d5 e6 8. Be2 exd5 9. cxd5 Bg4 10. 0-0 Nbd7 11. h3 Bxf3 12. Bxf3 Re8 13. g4 h6 14. h4 Nxg4 15. Bxg4 Qxh4 16. Kg2 Nf6 17. Bf3 Nh5 18. Bxh5 gxh5 19. Ne2 Rxe4 20. Ng3 Rae8 21. Nxe4 Rxe4 22. Qf3 Qe7 23. Bd2 Bd4 24. Rae1 f5 25. Rxe4 fxe4 26. Qg3+ Kh7 27. f5 Qf6 28. Qg6+ Qxg6+ 29. fxg6+ Kxg6 30. Bc3 Kg5 31. Rf7 b5 32. Rd7 b4 33. Bxd4 cxd4 34. Rxd6 1-0